| 000 | 00557nam a22001937a 4500 | ||
|---|---|---|---|
| 005 | 20260414114033.0 | ||
| 008 | 260414b |||||||| |||| 00| 0 eng d | ||
| 020 | _a9780815354369 | ||
| 050 | _aQA 76.9 .A25 K38 2021 | ||
| 100 | _aKATZ, JONATHAN | ||
| 245 | _aINTRODUCTION TO MODERN CRYPTOGRAPHY. | ||
| 250 | _a3RD | ||
| 260 |
_aBOCA RATON, _bCRC PRESS TAYLOR AND FRANCIS GROUP, _c2021 |
||
| 300 | _aXX, 626 P, ILL | ||
| 500 | _aINCLUDE INDEX. | ||
| 650 | _a COMPUTER SECURITY , CRYPTOGRAPHY. | ||
| 700 | _aLINDELL, YEHUDA | ||
| 942 |
_2lcc _cBK |
||
| 999 |
_c216945 _d216945 |
||